| 000 | 00665nam a2200205Ii 4500 | ||
|---|---|---|---|
| 003 | JO-AjNU | ||
| 008 | 230605s9999||||xx |||||||||||||| ||und|| | ||
| 017 | _a2009/11/4951 | ||
| 040 |
_aJO-AjNU _bara _erda _cJO-AjNU |
||
| 041 | _aara | ||
| 050 | 1 | 4 | _aPJ7580.G42 2009 |
| 100 | 3 |
_aغوانمة،محمد, _eauthor _923056 |
|
| 245 | 0 | 0 | _aالأهزوجة الأردنية |
| 264 | 3 | 1 | _aعمان:وزارة الثقافة،2009 |
| 300 | _a254ص | ||
| 336 |
_atext _btxt _2rdacontent |
||
| 337 |
_aunmediated _bn _2rdamedia |
||
| 338 |
_avolume _bnc _2rdacarrier |
||
| 650 | 4 |
_aغناء - أغاني شعبية أردنية - العلوم الإجتماعية _923057 |
|
| 999 |
_aA8281 _c11849 _d11849 |
||